| Tag |
First Indicator |
Second Indicator |
Subfields |
| LEADER |
00000cam a2200000 a 4500 |
| 001 |
in00002016202 |
| 005 |
20151031154410.0 |
| 008 |
870318s1963 un a 000 f rus c |
| 035 |
|
|
|a (OCoLC)ocm15337943
|
| 040 |
|
|
|a RRR
|c RRR
|d TXA
|d UtOrBLW
|
| 042 |
|
|
|a pcc
|
| 049 |
|
|
|a TXAM
|
| 050 |
|
4 |
|a PG3488.I495
|b M89 1963
|
| 090 |
|
|
|a PG3488
|b .S582m
|
| 100 |
1 |
|
|a Silaev, Boris.
|
| 245 |
1 |
0 |
|a Muzykalʹnai︠a︡ shkatulka i slon :
|b povesti /
|c Boris Silaev.
|
| 264 |
|
1 |
|a Kyïv :
|b Derzh. vyd-vo khudozhnʹoï lit-ry,
|c 1963.
|
| 300 |
|
|
|a 279 pages :
|b illustrations ;
|c 21 cm.
|
| 336 |
|
|
|a text
|b txt
|2 rdacontent
|
| 337 |
|
|
|a unmediated
|b n
|2 rdamedia
|
| 338 |
|
|
|a volume
|b nc
|2 rdacarrier
|
| 948 |
|
|
|a cataloged
|b h
|c 2004/12/17
|d c
|e tchubaryan
|f 4:03:06 pm
|
| 994 |
|
|
|a E0
|b TXA
|
| 999 |
|
|
|a MARS
|
| 999 |
f |
f |
|s ae08abd4-aefe-34a8-ac11-e9fae49c6b19
|i 242abb28-f3fc-3682-9c3f-847e7c3c6c80
|t 0
|
| 952 |
f |
f |
|p ric
|a Texas A&M University
|b Rellis Campus
|c Joint Library Facility
|d Remote Storage
|t 0
|e PG3488.I495 M89 1963
|h Library of Congress classification
|i unmediated -- volume
|m A14832283372
|
| 998 |
f |
f |
|a PG3488.I495 M89 1963
|t 0
|l Remote Storage
|